Statystyki dla Terytoria Państwa pod Polskim władaniem

Kliknij tutaj aby rozwiązać quiz!

Ogólne statystyki

  • Ten quiz został rozwiązany 56 razy
  • Średni wynik to 24 z 31

Statystyki odpowiedzi

HintOdpowiedź% Poprawnych
Całośćczechy
100%
Całośćestonia
100%
Całośćlitwa
100%
Całośćłotwa
100%
Całośćsłowacja
100%
Całośćbiałoruś
98%
Prawie połowaniemcy
98%
Częśćrosja
98%
Prawie całaukraina
98%
Całośćaustria
96%
Ponad połowarumunia
96%
Całośćszwecja
96%
Całośćmołdawia
94%
Całóśćwęgry
94%
Częśćserbia
91%
Całośćchorwacja
89%
Całośćfinlandia
87%
Ponad połowasłowenia
87%
Całośćpolska
85%
Niewielki terenbośnia
72%
Niewielki terenwłochy
70%
Ponad połowanorwegia
68%
Ponad połowagambia
60%
Niewielki terenczarnogóra
55%
Całośćtrynidad
53%
Częśćbelgia
49%
Częśćmadagaskar
47%
Niewielki terenchiny
32%
Niewielki terenirak
23%
Niewielki terensenegal
19%
Niewielki terenkamerun
13%

Rozkład punktacji

Percentyl według liczby udzielonych odpowiedzi

Procent ludzi z każdym wynikiem

Twoja historia wyników

Nie rozwiązałeś tego quizu